Noah Kahan - Call Your Mom Lyrics - Statistics

General Stats
  • This quiz has been taken 532 times
    490 since last reset
  • The average score is 288 of 330
Answer Stats
Answer % Correct
a
100%
you
100%
your
100%
I
99%
mom
99%
call
98%
be
96%
All
95%
all
95%
don't
95%
Don't
95%
I'll
95%
of
95%
can
94%
on
94%
drive
93%
night
93%
let
92%
lights
92%
off
92%
this
92%
darkness
91%
me
91%
me?
91%
turned
91%
fool
90%
in
90%
Oh
90%
So
89%
with
89%
you're
89%
You're
89%
stay?
88%
stay
88%
to
88%
won't
87%
Won't
87%
The
86%
the
86%
where
86%
are
85%
dear
85%
Jesus
85%
yourself
85%
discouraged
84%
exactly
84%
give
84%
love
84%
meditate
84%
soul
84%
been
83%
fall
83%
If
83%
if
83%
it
83%
I've
83%
Medicate
83%
reason
83%
punch
82%
Throw
82%
for
81%
another
80%
and
79%
breathing
79%
mile
79%
no
79%
wanna
78%
again
77%
never
76%
any
73%
cancel
73%
out
73%
plans
73%
see
73%
line
72%
save
72%
afraid
71%
like
71%
make
71%
moment
71%
before
70%
could
70%
most
70%
right
70%
But
69%
ends
69%
knowing
69%
wondering
69%
'Cause
68%
chance
68%
get
68%
spiraling
68%
them
68%
go
67%
have
67%
place
67%
room
67%
'Til
67%
Waiting
67%
without
67%
you'd
67%
entire
66%
stand
66%
swear
66%
tried
66%
Stayed
65%
that
65%
silence
60%
had
59%
loudest
59%
told
59%
hands
58%
fears
56%
greatest
54%
wringing
48%
Just
16%
No matching quizzes found
Score Distribution
Percent of People with Each Score
Percentile by Number Answered
Your Score History
You have not taken this quiz since the last reset